01352nam a2200301 i 4500001001000000003000900010005001700019007000300036008004100039020001500080040003000095041000800125082002600133100005600159245012800215250002300343264006400366300003200430502007200462563006700534600007300601650007900674650005500753651005400808651007600862700006800938700004401006000015044DO-SdBNP20250613092742.0ta100129s2000 dr 001 0bspa d a9993401552 aDO-SdBNPbspacBNPHUerda aspa 4a923.17293bH594c 20001 aCastro, Víctor Manuel de,d1872-1924eautor4aut.10aCosas de Lilís ;bMás cosas de Lilís /cVíctor M. de Castro, Gustavo E. Bergés Bordas ; prólogo Américo Lugo. aSegunda edición  aSanto Domingo :bEdiciones Librería La Trinitaria,c2000. a76, 67 páginas ;c21 cm. aPublicado con: Más cosas de Lilís / Gustavo E. Bergés Bordas. aDos obras encuadernadas juntas con paginación independiente.14aHeureaux, Ulisis, d1845-1899vAnécdotas, chistes, Sátiras, etc. 4aPresidenteszRepública DominicanavAnécdotas, chistes, Sátiras, etc. 4aPresidenteszRepública DominicanavBiografías  0aRepública Dominicana --xHistoria --y1844-1930 4aRepública DominicanaxHistoriavAnécdotas, chistes, Sátiras, etc.1 aBergés Bordas, Gustavo E.,d1895-1925tMás cosas de Lilís1 aLugo, Américod1870-1952eprologuista